Round and round the money goes : (Record no. 8734)

MARC details
000 -LEADER
fixed length control field 00984nam a22002777a 4500
001 - CONTROL NUMBER
control field 8734
003 - CONTROL NUMBER IDENTIFIER
control field FISKH
005 - DATE AND TIME OF LATEST TRANSACTION
control field 20251017120836.0
008 - FIXED-LENGTH DATA ELEMENTS--GENERAL INFORMATION
fixed length control field 251016b cb ||||| |||| 00| 0 eng d
020 ## - INTERNATIONAL STANDARD BOOK NUMBER
International Standard Book Number 9780824985981
040 ## - CATALOGING SOURCE
Original cataloging agency FISKH
Language of cataloging eng
Transcribing agency FISKH
Modifying agency FISKH
050 ## - LIBRARY OF CONGRESS CALL NUMBER
Classification number HG221 .B47
082 ## - DEWEY DECIMAL CLASSIFICATION NUMBER
Classification number 332.4
100 ## - MAIN ENTRY--PERSONAL NAME
Personal name Berger, Melvin
Relator term Author
245 ## - TITLE STATEMENT
Title Round and round the money goes :
Remainder of title What money is and how we use we use it /
Statement of responsibility, etc. By Melvin and Gilda Berger ; Illustrated by Jane McCreary
260 ## - PUBLICATION, DISTRIBUTION, ETC.
Place of publication, distribution, etc. Nahville :
Name of publisher, distributor, etc. Ideals publishing corporation ,
Date of publication, distribution, etc. 1993
300 ## - PHYSICAL DESCRIPTION
Extent 48 pages :
Other physical details color illustrations ;
Dimensions 22 cm
505 ## - FORMATTED CONTENTS NOTE
Formatted contents note L<br/>
520 ## - SUMMARY, ETC.
Summary, etc. Discusses how the practice of using coins and paper money evolved and explains the circle money travels as it is earned, saved, and spent.
521 8# - TARGET AUDIENCE NOTE
Target audience note 540 <br/>
Source Lexile<br/>
521 8# - TARGET AUDIENCE NOTE
Target audience note L<br/>
Source Raz-Plus<br/>
650 ## - SUBJECT ADDED ENTRY--TOPICAL TERM
Topical term or geographic name entry element Economics for kids
Form subdivision Money
700 ## - ADDED ENTRY--PERSONAL NAME
Personal name McCreary, Jane
Relator term Illustrator
942 ## - ADDED ENTRY ELEMENTS (KOHA)
Source of classification or shelving scheme Dewey Decimal Classification
Koha item type Books
Suppress in OPAC No
Holdings
Withdrawn status Lost status Source of classification or shelving scheme Damaged status Not for loan Home library Current library Shelving location Date acquired Total Checkouts Full call number Barcode Date last seen Copy number Price effective from Koha item type
    Dewey Decimal Classification     Footprints International School Library Network Toul Tom Poung Campus Footprints International School Library Network Toul Tom Poung Campus TTP Primary Yellow Bookshelves 10/16/2025   BER 332.4 HG221 .B47 2025-4583 10/16/2025 1 10/16/2025 Books